000 00566nam a2200217 a 4500
005 20140414093840.0
008 070824s19uu xx 00 eng d
050 _aCDR 370.1
_bQBP 2006
100 _aIBO
245 _aIB question bank: physics /
_cIBO.
260 _aSl :
_bIBO,
_cc2006.
300 _a1cd-rom
440 _aIBquestionbank
500 _aNeeds to be installed.
650 _aInternational Baccalaureate.
650 _aPhysics.
650 _aQuestioning
_xanswering systems.
650 _aQuestionaires.
942 _cAVM
999 _c109229
_d109229